Effects of soil element composition on the nutrient contents of grape cultivars and wines produced in Badacsony

Elmentve itt :
Bibliográfiai részletek
Szerző: Deák Edit
Dokumentumtípus: Cikk
Megjelent: 2008
Sorozat:Agrár- és vidékfejlesztési szemle 3 No. 1
Kulcsszavak:Badacsony, Természettudomány, Agrártudomány
Online Access:http://acta.bibl.u-szeged.hu/12982
LEADER 00705nab a2200181 i 4500
001 acta12982
005 20210610150902.0
008 161015s2008 hu o 0|| eng d
022 |a 1788-5345 
040 |a SZTE Egyetemi Kiadványok Repozitórium  |b hun 
041 |a eng 
100 1 |a Deák Edit 
245 1 0 |a Effects of soil element composition on the nutrient contents of grape cultivars and wines produced in Badacsony  |h [elektronikus dokumentum] /  |c  Deák Edit 
260 |c 2008 
300 |a 34 
490 0 |a Agrár- és vidékfejlesztési szemle  |v 3 No. 1 
695 |a Badacsony, Természettudomány, Agrártudomány 
856 4 0 |u http://acta.bibl.u-szeged.hu/12982/1/agrarszemle_2008_001_034.pdf  |z Dokumentum-elérés